000 00648nam a2200229 i 4500
001 bg
100 1 _aRupp, William.
245 0 _aConstruction materials for interior design :
_bprinciples, structure and properties of materials /
_cWilliam Rupp with Arnold Friedmann.
260 _aNew York :
_bWithney Library of Design,
_c1989.
650 9 _aTworzywa konstrukcyjne
650 9 _aArchitektura
700 1 _aFriedmann, Arnold.
020 _a0823009300
040 _cBPK
041 _apol
080 _a72.04
080 _a691
080 _a692
920 _a0-8230-0930-0
942 _cKS
008 130116s1989 us a f |000 0 eng
999 _c29733
_d29733
856 _uhttp://koha.tu.koszalin.pl/cgi-bin/koha/opac-detail.pl?biblionumber=29733
_yKatalog online BPK